| 000 | 00808nam a2200229 a 4500 | ||
|---|---|---|---|
| 001 | 000020658 | ||
| 003 | DO-SdBNP | ||
| 005 | 20240415114508.0 | ||
| 008 | 100812s2015 dr 000 spa d | ||
| 040 |
_aDO-SdBNP _bspa _cBPMSU |
||
| 082 | 4 |
_a972.9377 _bP792s 2015 _222 |
|
| 100 | 1 |
_aPonjceano, Pedro _d |
|
| 245 | 1 | 0 |
_aSabana Grande de Boya y el Institulo Comercial Ponciano fundado el 1 de abril de 1971/ _cFarah Hallal. ; editor Julian Quezada |
| 260 |
_aSanto Domingo : _bCopyrignt, _c2015 |
||
| 300 |
_a219 p. ; _c23 cm. |
||
| 590 | _aInventariado, 2024/VM | ||
| 650 | 4 |
_aCiudades y pueblos _zRepública Dominicana |
|
| 651 | 4 |
_aSabana Grande de Boyá (República Dominicana : municipio) _xHistoria |
|
| 700 | 1 |
_aQuezada, Julian _eeditor |
|
| 910 | _aVMateo V. Control de calidad. BPMSU | ||
| 942 |
_2ddc _cBK |
||
| 999 |
_c14628 _d14628 |
||